000 00305nam a2200109Ia 4500
008 220204s9999 xx 000 0 und d
082 _a669.974
_bPRE
100 _aPrzetak, Louis
245 0 _aStandard details for fire-resistive building construction
260 _aNew York
_bMcGraw Hill
_c1977
942 _cBK
999 _c30658
_d30658